Deposit insurance actual and good practices
Enregistré dans:
| Auteur principal: | |
|---|---|
| Format: | Livre |
| Langue: | anglais |
| Publié: |
Washington, D.C.
IMF
2000
|
| Collection: | Occasional paper
197 |
| Sujets: | |
| Tags: |
Pas de tags, Soyez le premier à ajouter un tag!
|
MARC
| LEADER | 00000nam$a2200000$$$4500 | ||
|---|---|---|---|
| 001 | 0010822 | ||
| 005 | 20240111125120.4 | ||
| 020 | |a 1-55775-948-0 | ||
| 041 | 0 | |a eng | |
| 044 | |a US | ||
| 245 | 1 | 0 | |a Deposit insurance |b actual and good practices |c Gillian G.H. Garcia |
| 264 | 1 | |a Washington, D.C. |b IMF |c 2000 | |
| 300 | |a v, 93 s. | ||
| 490 | 1 | |a Occasional paper |v 197 | |
| 830 | 0 | |a Occasional paper |v 197 | |
| 610 | 2 | 0 | |a poistenie |
| 610 | 2 | 0 | |a vklady |
| 610 | 2 | 0 | |a ochrana vkladov |
| 610 | 2 | 0 | |a depozitá |
| 610 | 2 | 0 | |a depozity bankové |
| 610 | 2 | 0 | |a organizácie finančné |
| 610 | 2 | 0 | |a porovnanie medzinárodné |
| 100 | 1 | |a Garcia, Gillian G.H. | |